Electrical machines (Record no. 12315)

000 -LEADER
fixed length control field 00352nam a2200145 4500
020 ## - INTERNATIONAL STANDARD BOOK NUMBER
International Standard Book Number 9788131511701
082 ## - DEWEY DECIMAL CLASSIFICATION NUMBER
Classification number 621.31042 SRI
100 ## - MAIN ENTRY--PERSONAL NAME
Personal name Srivastava, R.K.
245 ## - TITLE STATEMENT
Title Electrical machines
260 ## - PUBLICATION, DISTRIBUTION, ETC.
Place of publication, distribution, etc. New Delhi, India
Name of publisher, distributor, etc. Cenage Learning
Date of publication, distribution, etc. 2011
300 ## - PHYSICAL DESCRIPTION
Extent ix, 575 p.
500 ## - GENERAL NOTE
General note Includes index.
650 ## - SUBJECT ADDED ENTRY--TOPICAL TERM
Topical term or geographic name entry element Electric machinery.
942 ## - ADDED ENTRY ELEMENTS (KOHA)
Koha item type Book
Holdings
Withdrawn status Lost status Damaged status Not for loan Collection code Permanent Location Current Location Shelving location Date acquired Source of acquisition Cost, normal purchase price Total Checkouts Full call number Barcode Date last seen Date last checked out Price effective from Koha item type
          Central Library (CL) Central Library (CL) General Stacks 12/27/2013 Saeed Book Bank 610.40 2 621.31042 SRI SEECS012704 12/08/2022 08/20/2019 12/25/2013 Book
© 2023 Central Library, National University of Sciences and Technology. All Rights Reserved.